To rescue the Constitution : (Record no. 127118)

MARC details
000 -LEADER
campo de control de longitud fija 01864nam a22002537a 4500
003 - IDENTIFICADOR DE NÚMERO DE CONTROL
campo de control BJBSDDR
005 - FECHA Y HORA DE LA ÚLTIMA TRANSACCIÓN
campo de control 20260515174400.0
006 - CÓDIGOS DE INFORMACIÓN DE LONGITUD FIJA--CARACTERÍSTICAS DEL MATERIAL ADICIONAL
campo de control de longitud fija a|||||r|||| 00| 0
007 - CAMPO FIJO DE DESCRIPCIÓN FÍSICA--INFORMACIÓN GENERAL
campo de control de longitud fija ta
008 - DATOS DE LONGITUD FIJA--INFORMACIÓN GENERAL
campo de control de longitud fija 260515s2024 nyu|||||r|||| 00| 0 eng d
020 ## - NÚMERO INTERNACIONAL ESTÁNDAR DEL LIBRO
Número Internacional Estándar del Libro 9780063039605
040 ## - FUENTE DE CATALOGACIÓN
Lengua de catalogación spa
Centro/agencia transcriptor BJBSDDR
041 ## - CÓDIGO DE IDIOMA
Código de lengua del texto/banda sonora o título independiente eng
050 ## - SIGNATURA TOPOGRÁFICA DE LA BIBLIOTECA DEL CONGRESO
Número de ítem B152r 2024
100 1# - ENTRADA PRINCIPAL--NOMBRE DE PERSONA
Nombre de persona Baier, Bret,
Fechas asociadas al nombre 1970-
9 (RLIN) 48485
245 10 - MENCIÓN DEL TÍTULO
Título To rescue the Constitution :
Resto del título George Washington and the fragile American experiment /
Mención de responsabilidad, etc. Bret Baier (Autor), Catherine Whitney (Autor).
260 ## - PUBLICACIÓN, DISTRIBUCIÓN, ETC.
Lugar de publicación, distribución, etc. New York :
Nombre del editor, distribuidor, etc. Mariner Books,
Fecha de publicación, distribución, etc. 2024
300 ## - DESCRIPCIÓN FÍSICA
Extensión xix, 360 pages :
Otras características físicas illustrations, map ;
Dimensiones 21 cm
505 ## - NOTA DE CONTENIDO CON FORMATO
Nota de contenido con formato Contenidos : <br/>Introduction: our common ground<br/>Prologue: where are the delegates?<br/>Part 1. The making of Washington<br/>A stroke of destiny<br/>The king's uniform<br/>Breaking point<br/>The colonies convene<br/>Part 2. The call of independence<br/>The command<br/>"Victory or death"<br/>Washington's crucible<br/>The final fight<br/>Part 3. Rescuing the constitution<br/>The unraveling union<br/>The scaffold of a republic<br/>We have a constitution<br/>The people decide<br/>Part 4. The living republic<br/>The first term<br/>The gift of a peaceful transition<br/>- Afterword: in their footsteps<br/>Appendix: Washington's farewell address
520 ## - RESUMEN, ETC.
Sumario, etc. To Rescue the Constitution by Bret Baier is a history of how George Washington helped guide the United States through its most fragile early years. It explains how the weak Articles of Confederation nearly caused the new nation to fail, and how Washington’s leadership at the Constitutional Convention helped create the U.S. Constitution. The book also shows how, as the first president, he set key precedents—like a strong but limited executive branch and peaceful transfer of power—that helped stabilize the young republic.
700 1# - ENTRADA AGREGADA--NOMBRE PERSONAL
Nombre de persona Whitney, Catherine,
Fechas asociadas al nombre 1950-
9 (RLIN) 12637
942 ## - ELEMENTOS DE ENTRADA SECUNDARIOS (KOHA)
Fuente del sistema de clasificación o colocación Clasificación de Library of Congress
Suprimir en OPAC No
Tipo de ítem Koha Libro
946 ## - PROCESAMIENTO DE INFORMACIÓN LOCAL (OCLC)
Iniciales del agente catalogador llh
Holdings
Estatus retirado Estado de pérdida Fuente del sistema de clasificación o colocación Estado de daño No para préstamo Colección Biblioteca de origen Biblioteca actual Ubicación en estantería Fecha de adquisición Signatura topográfica completa Código de barras Visto por última vez Copia número Tipo de ítem Koha
    Clasificación de Library of Congress     Automatización y Procesos Técnicos Biblioteca Juan Bosch Biblioteca Juan Bosch Automatización y Procesos Técnicos (1er. Piso) 15/05/2026 B152r 2024 00000200109 15/05/2026 1 Libro